| 000 | 00883nam a22002177a 4500 | ||
|---|---|---|---|
| 999 |
_c169198 _d169198 |
||
| 003 | dpl | ||
| 005 | 20191107162832.0 | ||
| 008 | 191107b ||||| |||| 00| 0 eng d | ||
| 010 | _aB-130405 | ||
| 035 | _aB-130405 | ||
| 040 | _c0 | ||
| 100 |
_aJhaverchand, Meghani _d2003 |
||
| 245 |
_aA NOBLE HERITAGE _bA collection of short stories based on the folklore of Saurashtra _cJHAVERCHAND MEGHANI _henglish |
||
| 250 | _afirst edition:2003 | ||
| 260 |
_amumbai-400007 _bS.Ramakrishnan , executive scretary, bharatiya vidya bhavan,kulapati munshi marg _c2003 |
||
| 300 |
_a114p. _c15cms |
||
| 500 | _aIIIustration and decorative sketches: Pratapsinh jadeja, Jagdeep smart | ||
| 501 | _aCover sketch: Pratapsinh C over design :Jagdeep smart | ||
| 700 |
_aS. RAMAKRISHNAN _d2003 |
||
| 942 |
_2ddc _cEN _hS _iMEG _kS _mMEG |
||